000 00231nam a2200097Ia 4500
001 641154
005 20250826153501.0
008 250824s9999 xx 000 0 und d
245 0 _aAkıl Oyunları
_cDaniel Palmer
260 _bKORİDOR
999 _c641154
_d641154